Arahan Keselamatan

Bibliographic Details
Corporate Authors: Malaysia, Jabatan Perdana Menteri
Format: Book
Published: Kuala Lumpur : Jabatan Perdana Menteri , 2011
Subjects:

MARC

LEADER 00000cam a2200000 7i4500
001 0000003810
005 20110707.0
090 0 0 |a R 354.59504   |b MAL 
110 1 0 |a Malaysia. 
245 1 0 |a Arahan Keselamatan 
260 0 0 |a Kuala Lumpur :   |b Jabatan Perdana Menteri ,   |c 2011 
300 |a xi, 57ms. ;   |c 26cm. 
650 0 0 |a Executive orders   |z Malaysia 
650 0 0 |a Official secrets   |z Malaysia 
650 0 0 |a Security classification (Government documents)   |z Malaysia 
710 2 1 |a Jabatan Perdana Menteri 
999 |a 007653   |b Monograph   |c Reference   |e Default branch 
999 |a 007654   |b Monograph   |c Reference   |e Default branch